000 00314nam a2200145Ia 4500
008 191201s2019 xx 000 0 und d
020 _a9386858657
082 _a658 JOT
100 _aJOSHI, Gowri
245 0 _aTalent Management
260 _bCangage
_c2019
300 _a345
650 _aMBA
942 _2ddc
_cBK
999 _c7073
_d7073